Handbook of soil mechanics.Vol.3 : Soil mechanics of earthworks,foundations and highway engineering

Gespeichert in:
Bibliographische Detailangaben
Hauptverfasser: Kézdi, Árpád (Verfasst von), Rétháti, László (Verfasst von)
Format: Buch
Sprache:Englisch
Veröffentlicht: Amsterdam : Elsevier, 1988
Tags: Tag hinzufügen
Keine Tags, Fügen Sie das erste Tag hinzu!

MARC

LEADER 00000nam a22000003a 4500
001 stu29039
005 20150617225738.6
008 950523s1988----ne------------------eng-d
020 |a 0-444-98929-3 
040 |a STU  |b slo 
041 0 |a eng 
044 |a ne 
080 |a 624.1 
100 1 |a Kézdi, Árpád  |4 aut 
245 1 |a Handbook of soil mechanics.Vol.3 :  |b Soil mechanics of earthworks,foundations and highway engineering 
260 |a Amsterdam :  |b Elsevier,  |c 1988 
300 |a 361 s 
500 |a prel. z maďarského orig. 
700 1 |a Rétháti, László  |4 aut 
996 |b 284V027129  |c V*43396/O-18793  |l VVT  |s A  |a 24  |w stu29039_0001